000 01521aam a2200325 i 4500
005 20250711223135.0
007 ta
008 220426t20222022ck fr 000 0dspa d
020 _a9781400336982
040 _aCO-CtgCURN
_bspa
_ccoctgcurn
041 _aspa
045 _aw-w-
082 0 4 _a305.42
_bH889
_223
100 1 _aHuff, Sara Winter.
245 1 0 _aCómo fabricar a una feminista :
_by cómo rescatarla de la prisión de falsa libertad que se le prometió /
_cSara Winter Huff.
250 _aPrimera edición.
264 1 _aNashville
_bHarper
_c2023
264 4 _c2023
300 _a229 páginas ;
_c19 cm.
336 _atexto
_btxt
_2rdacontent
337 _asin mediación
_bn
_2rdamedia
338 _avolumen
_bnc
_2rdacarrier
490 1 _aColección Booket
520 _a"Al aportar profundos antecedentes históricos e investigaciones sobre el feminismo, así como su trágica experiencia de primera mano. Sara Huff analiza a profundidad los problemas propuestos por las principales exponentes feministas, la solución que sugirieron, y las devastadoras consecuencias que han causado a las mujeres. Este libro es una exposición de las obras del feminismo actual, el cual ha corrompido y atenuado el valor y el papel de la mujer y de la sociedad y le ha vendido una falsa libertad.".
_ceditor.
650 1 7 _aMujeres
_xCondiciones sociales.
_2LEMB
650 1 7 _aMujeres
_xHistoria.
_2LEMB
650 1 7 _aFeminismo.
_2LEMB
650 1 7 _aDerechos de la mujer.
_2LEMB
999 _c49123
_d49123